Văn minh vật chất của người Việt

Văn minh vật chất của người Việt là một chủ để quá rộng, song chủ đề này cũng thật giản dị. Nó là câu chuyện của các đồ vật do con người làm ra và sử dụng. Những đồ vật ấy làm nên cái thế giới vật chất nhân tạo mà ta sống trong...

Descrición completa

Gardado en:
Detalles Bibliográficos
Autor Principal: Phan Cẩm Thượng
Formato: Libro
Idioma:Vietnamese
Publicado: H. Thế giới 2022
Những chủ đề:
Các nhãn: Engadir etiqueta
Sen Etiquetas, Sexa o primeiro en etiquetar este rexistro!
Thư viện lưu trữ: Thư viện Trường Đại học Nam Cần Thơ
LEADER 01221nam a22001937a 4500
001 NCT_4_007577
008 240503b xxu||||| |||| 00| 0 vie d
999 |c 8285  |d 8285 
020 |a 9786043657418  |c 390000 
082 0 4 |2 23rd ed.  |a 959.7  |b Th561 
100 1 |a Phan Cẩm Thượng 
245 1 0 |a Văn minh vật chất của người Việt  |c Phan Cẩm Thượng 
260 |a H.  |b Thế giới  |c 2022 
300 |a 655tr.  |b minh họa  |c 24 cm 
520 3 |a Văn minh vật chất của người Việt là một chủ để quá rộng, song chủ đề này cũng thật giản dị. Nó là câu chuyện của các đồ vật do con người làm ra và sử dụng. Những đồ vật ấy làm nên cái thế giới vật chất nhân tạo mà ta sống trong đó, biến đổi nó và cùng tiến hóa với nó. 
653 |a Quản trị Dịch vụ Du lịch và Lữ hành 
942 |2 ddc  |c BK 
952 |0 0  |1 0  |2 ddc  |4 0  |6 959_700000000000000_TH561  |7 0  |9 28860  |a 000001  |b 000001  |d 2024-05-13  |o 959.7 Th561  |p MD.22384  |r 2024-05-13  |v 390000.00  |w 2024-05-13  |y BK 
980 |a Thư viện Trường Đại học Nam Cần Thơ